000 00527nam a22001937a 4500
005 20250326155025.0
008 250326b |||||||| |||| 00| 0 eng d
020 _a9780128230435
041 _aEng.
082 _a519.5 MOH
100 _aMohr, Donna L.
245 _aStatistical Methods
250 _a4th
260 _aUK
_bAcademic Press
_c2020
300 _a754;. P. 23 cm
650 _aGeneral Management; Mathematics; Statistics; Statistical Methods
700 _aFreund, Rudolf and Wilson, William
942 _cBK
999 _c43415
_d43415